The CIMCIG Report 2011 (Record no. 112507)

MARC details
000 -LEADER
fixed length control field 01153cad a22002055a 4500
001 - CONTROL NUMBER
control field L153418
008 - FIXED-LENGTH DATA ELEMENTS--GENERAL INFORMATION
fixed length control field 110722s2011 xxk 000 0 eng d
035 ## - SYSTEM CONTROL NUMBER
System control number (Sirsi) u153418
041 0# - LANGUAGE CODE
Language code of text/sound track or separate title eng
110 2# - MAIN ENTRY--CORPORATE NAME
Corporate name or jurisdiction name as entry element Competitive Advantage Consultancy Limited
9 (RLIN) 5972
245 04 - TITLE STATEMENT
Title The CIMCIG Report 2011
Remainder of title research findings : construction industry engagement with the consumer
Medium [electronic resource]
260 ## - PUBLICATION, DISTRIBUTION, ETC.
Place of publication, distribution, etc. Camberley
Name of publisher, distributor, etc. CAC Ltd
Date of publication, distribution, etc. 2011
520 ## - SUMMARY, ETC.
Summary, etc. CIMCIG commissioned this report to gain a better understanding of how the construction industry was responding to the opportunities to supply sustainable products and services to homeowners. Research was conducted amongst 100 manufacturers and 50 installers identified from the 2011 Ecobuild exhibitors list and from web searches; references to the Green Deal.
590 ## - LOCAL NOTE (RLIN)
Local note KA NTK
651 #4 - SUBJECT ADDED ENTRY--GEOGRAPHIC NAME
Geographic name United Kingdom
Chronological subdivision
690 ## - LOCAL SUBJECT ADDED ENTRY--TOPICAL TERM (OCLC, RLIN)
Topical term or geographic name as entry element BUILT ENVIRONMENT-SUSTAINABLE CONSTRUCTION
710 ## - ADDED ENTRY--CORPORATE NAME
Corporate name or jurisdiction name as entry element Chartered Institute of Marketing Construction Industry Group
9 (RLIN) 5964
856 40 - ELECTRONIC LOCATION AND ACCESS
Uniform Resource Identifier <a href="https://www.cimcig.org/files/library/Research_Findings_Co_1309190812.pdf">https://www.cimcig.org/files/library/Research_Findings_Co_1309190812.pdf</a>
Public note View this item free of charge at www.cimcig.org
942 ## - ADDED ENTRY ELEMENTS (KOHA)
Suppress in OPAC 0
Holdings
Withdrawn status Lost status Source of classification or shelving scheme Damaged status Not for loan Home library Current library Shelving location Date acquired Total Checkouts Full call number Barcode Date last seen Copy number Price effective from Koha item type
    Dewey Decimal Classification     Virtual Virtual Online 22/07/2011   ONLINE PUBLICATION 153418-2001 06/08/2019 1 06/08/2019 Book